1545 1249 1663 1809 1630 1804 1793 1012 1303 1919 1551 1591 1462 1846 1504 1864 1266 1134 1387 1699 1355 1383 1183 1081 1986 1803 1622 1415 1812 1469 1298 1365 1445 1494 1442 1849 1695 1947 1627 1365 1027 1149 1561 1733 1826 1689 1534 1690 1553 1812 1377 1794 1892 1951 1768 1131 1482 1444 1846 1416 1378 1796 1159 1891 1670 1709 1363 1118 1241 1774 1383 1804 1186 1909 1423 1705 1431 1713 1986 1303 1307 1702 1514 1925 1888 1764 1604 1137 1814 1823 1371 1038 1027 1393 1356 1669 1708 1332 1190 BCNSPRNW ULIB Ver.6.0+V

เปลี่ยนเป็นภาษาไทย

Change to English
 แสดงรายละเอียดบรรณานุกรม
  กลับหน้าหลัก

Brief Record : Get Marc (ISO 2709) : E-mail record : QR code < ปิดหน้าต่าง
LEADER : 00000nam 2200000uu 4500
001    13399111259
003     ULIB
008    110621s||||||||th 000 0 tha d
020    9789747293876
050  4 BF637.S8^bอ598ด ล.3 2550
100 0  อาจอง ชุมสาย ณ อยุธยา
245 10 ด้วยรักบันดาล...นิทานสีขาว เล่ม2/^cเล่าเรื่องโดย อาจอง ชุมสาย ณ อยุธยา ;สุพัตรา แซ่ลิ่ม เรียบเรียง ;[บรรณาธิการ อิศวเรศ ตโมนุท]
250    พิมพ์ครั้งที่ 3
260    กรุงเทพฯ :^bฟรีมายด์,^c2550
300    229 หน้า :^bภาพประกอบ
650  4 นิทานสอนใจ
650  4 การดำเนินชีวิต
650  4 ความสำเร็จ
650  4 นิทานคติธรรม
700 0  สุพัตรา แซ่ลิ่ม
700 0  อิศวเรศ ตโมนุท,^eบรรณาธิการ
945    ^p185^l0^i021719
945    ^p185^l0^i021718
995    ทศพร
999 ^a ใช้งานได้ทุกระบบ
รายการนี้ยังไม่มีแท็ก
คุณยังไม่ได้ล็อกอิน คุณสามารถมีกิจกรรมร่วมกับเว็บไซต์ได้ แต่ต้องล็อกอินก่อน ::
  ล็อกอิน

รายการสื่อสารสนเทศ

ลำดับที่ ประเภท เลขเรียก/บาร์โค้ด สถานที่ สถานะ
- ไม่พบข้อมูล -

รายการใกล้เคียง
    ผู้แต่ง [อาจอง ชุมสาย ณ อยุธยา]

    หัวเรื่อง [นิทานสอนใจ]
    หัวเรื่อง [การดำเนินชีวิต]
    หัวเรื่อง [ความสำเร็จ]
    หัวเรื่อง [นิทานคติธรรม]

BibComment


ยังไม่เคยถูกคอมเมนท์

คอมเมนท์ทรัพยากรรายการนี้
  คอมเมนท์: ด้วยรักบันดาลนิทา..


 Copyright 2026. Bcnsprnw @Library